006210000a220009700045001000025000002450052000253000036000775200364001136500013004777730033004901 aDe Chirico, Leonardo10aEthics and the internet, starting from theology aVol.17, no.2 (2008), p. 129-132 a¿Qué tiene que ver Jerusalem con google? el internet tiene su propia teologia y navegar por la red es una actividad teológica.Pero la neutralidad teológica no existe, incluso en el ámbito de la tecnologia, este artículo explora las formas en que la teología cristiana forma una ética sostenible para el aprovechamiento responsable del internet.14aINTERNET0 tEuropean Journal of Theology